| 000 | 00395 a2200157 4500 | ||
|---|---|---|---|
| 003 | Nust | ||
| 005 | 20170207153550.0 | ||
| 040 | _cNust | ||
| 082 | _a005.1,KHA | ||
| 100 | _aKhan ,M.Tahir Abbas MSCS | ||
| 245 |
_aShort Term Load Forecasting For An Interconnected Power System _cM.Tahir Abbas Khan MSCS |
||
| 260 |
_bMCS _c2000 |
||
| 300 | _a76:p | ||
| 538 | _aT2 and Shelf No 1 | ||
| 650 | _aThesis | ||
| 942 | _cTHS | ||
| 999 |
_c188807 _d188807 |
||